000 00248nam a2200109Ia 4500
082 _a615.538
_bS 13 R
100 _aRAO PRABHAKAR
245 _aSARANGADHARA SAMHITA
260 _bCHAUKHAMBHA PUB. NEW DELHI
_c2013
300 _a393
942 _2ddc
_cBK
_04
999 _c7706
_d7706